Joensuun kaupunginosat - Statistics

Yleistilastot
  • Tätä visaa on pelattu 7 kertaa
  • Keskiarvotulos 15 / 34
Vastaustilastot
Vastaus % Oikein
Eno
86%
Keskusta
86%
Rantakylä
86%
Kiihtelysvaara
71%
Marjala
71%
Mutala
71%
Noljakka
71%
Reijola
71%
Utra
71%
Hammaslahti
57%
Niinivaara
57%
Penttilä
57%
Raatekangas
57%
Tuupovaara
57%
Uimaharju
57%
Hukanhauta
43%
Kanervala
43%
Karsikko
43%
Pilkko
43%
Sirkkala
43%
Iiksenvaara
29%
Käpykangas
29%
Karhumäki
29%
Ketunpesät
29%
Linnunlahti
29%
Niittylahti
29%
Siihtala
29%
Heinävaara
14%
Iiksenniitty
14%
Otsola
14%
Honkavaara
0%
Louhioja
0%
Pyhäselkä
0%
Ukkola
0%
Ehtoja vastaavia visoja ei löytynyt
Tulosjakauma
Jokaisen tuloksen saaneiden osuus
Persentiili vastausten määrän mukaan
Tuloshistoriasi
Et ole pelannut tätä visaa